000 01226nam a22003377a 4500
003 DO-SdBNP
005 20211112114728.0
007 ta
008 211112b2017 a|||e |||| 001 0 spa d
020 _a9789945580426
040 _aDO-SdBNP
_bspa
_cBNPHU
082 4 _222
_a372.7
_bG633m
100 _980564
_aGómez López, Nelson
245 1 0 _aMatemática en la educación primaria /
_cNelson Gómez López ; editor Lennys Tejada Betancourt
260 _aSantiago de los Caballeros, Rep. Dom. :
_bUAPA,
_c2017.
300 _a254 p. :
_bil.;
_c27 cm
490 _aAutoaprendizaje ;
_vv.3
504 _aBibliográfía : p. 252-254.
505 _aUnidad I. Introducción a la lógica.
505 _aUnidad II. Relaciones especiales.
505 _aUnidad III. Conjuntos y elementos..
505 _aUnidad IV. Los números naturales.
505 _aUnidad V. Operaciones fundamentales en el conjunto de los números naturales (N).
505 _aUnidad VI. Los números romanos.
505 _aBibliografía general .
590 _aInventariado, 2021 / SA
650 4 0 _943570
_aMatemática
_xEnseñanza primaria
700 1 _aTejada Betancourt, Lennys
_eeditor
_979591
910 _aSaquino
942 _2ddc
_cLBS1
999 _c50947
_d50947